000 01545nam a2200373 i 4500
001 13704
003 KOSZ 005
005 20200417142942.0
008 070825s1970 pl a f f 000 0 pol
015 _aPB 1972/5931
040 _aWA N
_cWA N
_dKOSZ 005/RW
080 _a69
080 _a351.82(438)
100 1 _aCzerny, Jan.
_eAutor
245 1 0 _aMateriały szkoleniowe :
_bzbiór przepisów i norm wymaganych do egzaminu dla uzyskania stwierdzenia kwalifikacji majstra w budownictwie powszechnym.
_nT. 3,
_pNormy dla grup robót wykończeniowych /
_cJan Czerny, Edward Radziszewski ; Centralny Ośrodek Informacji Budownictwa.
246 1 3 _aNormy dla grup robót wykończeniowych.
250 _aWydanie 2, wg stanu prawnego na dzień 30 kwietnia 1968 r.
260 _aWarszawa :
_bCentralny Ośrodek Informacji Budownictwa,
_c1970.
300 _a512 stron :
_bilustracje ;
_c24 cm.
336 _aTekst
_btxt
_2rdacontent
337 _aBez urządzenia pośredniczącego
_bn
_2rdamedia
338 _aWolumin
_bnc
_2rdacarrier
380 _aKsiążki.
658 _aArchitektura i budownictwo
658 _aPrawo i wymiar sprawiedliwości
650 4 _aBudownictwo
651 4 _aPolska
650 4 _aPrawo
655 4 _aPodręcznik
700 1 _aRadziszewski, Edward
_d(1923- )
_eAutor
710 2 _aCentralny Ośrodek Informacji Budownictwa
_4pbl.
856 _uhttp://koha.tu.koszalin.pl/cgi-bin/koha/opac-detail.pl?biblionumber=13704
_yKatalog online BPK
942 _2UKD
_cKS
999 _c13704
_d13704